[Event "FIDE-Wch k.o."]
[Site "Groningen"]
[Date "1997.12.12"]
[Round "2.2"]
[White "Khalifman, Alexander"]
[Black "Nijboer, Friso"]
[Result "1-0"]
[WhiteElo "2655"]
[BlackElo "2605"]
[Annotator "Huzman,A"]
[PlyCount "81"]
[EventDate "1997.12.09"]
[EventType "k.o."]
[EventRounds "7"]
[EventCountry "NED"]
[SourceTitle "CBM 063"]
[Source "ChessBase"]
[SourceDate "1998.03.26"]
[SourceVersion "1"]
[SourceVersionDate "1998.03.26"]
[SourceQuality "1"]

1. d4 Nf6 2. Nf3 g6 3. g3 Bg7 4. Bg2 O-O 5. O-O d6 6. c4 Nc6 7. Nc3 Rb8 8. Bd2
Bg4 9. d5 Bxf3 (9... Ne5 10. Nxe5 dxe5 11. Be3 a6 12. Qd2 $16 {Marian,
R-Bastian,H/BL8384 1984/0-1 (70)}) (9... Na5 10. b3 c5 11. h3 (11. Rc1 a6 12.
e4 b5 13. Qe2 bxc4 14. bxc4 Nd7 15. Nd1 Ne5 16. Ne3 Bxf3 17. Bxf3 Rb2 $17 {
0-1 Leibbrand,U-Degenhardt,H/Triberg 1991 (30)}) 11... Bd7 12. e4 e5 13. dxe6
Bxe6 14. Qc2 Nc6 15. Rad1 Nb4 16. Qc1 Ne8 17. Bh6 $14 {Tukmakov,V-Ghinda,M/
Thessaloniki olm 1984/1-0 (64)}) 10. exf3 $1 Ne5 (10... Nd4 11. Be3 c5 (11...
Nf5 12. Bxa7 $16) 12. Bxd4 cxd4 13. Qxd4 Nd7 14. Qe3 $16 (14. Qxa7 Nb6 $132))
11. b3 $14 {The position of the black is hopeless because of the white
advantage of two bishops and the complete lack of their counterplay.} Re8 (
11... e6 12. f4 Ned7 13. dxe6 $5 fxe6 14. Re1 $14 {^^}) 12. f4 Ned7 13. Re1 Nf8
$6 14. Rc1 a6 15. Be3 N6d7 16. b4 $16 e5 17. dxe6 fxe6 18. Ba7 Ra8 19. Be3 Qb8
$6 (19... Rb8 20. Ne4 $5 $16 (20. Ba7 Ra8 21. Bd4 $5 $16)) 20. Ne4 Nf6 21.
Nxf6+ Bxf6 22. Bd4 $1 Bxd4 23. Qxd4 {[%cal Gg2b7]} Qa7 24. Qf6 {[%csl Ra7,Rg8]
[%cal Gc4c5]} Nd7 25. Qb2 a5 (25... Qb6 26. Qd2 {[%cal Gc4c5]} Rad8 27. a4 $16
{[%cal Ga4a5]}) 26. c5 $1 axb4 (26... d5 27. Bh3 Nf8 28. b5 $16) 27. cxd6 c5 (
27... cxd6 28. Rc7 Rad8 29. Rxe6 $1 Rxe6 30. Bd5 Kf7 31. Qe2 $18) (27... c6 28.
Qxb4 $18) 28. Rxe6 $1 Rxe6 29. Bd5 Rae8 30. Qb3 Kf7 31. Re1 Qa3 $2 (31... Nf8
$142 32. d7 Nxd7 33. Rxe6 Kf8 (33... Rxe6 34. Bxe6+ Ke7 35. Bg8 $16 {[%csl Rg6,
Rh7]}) 34. Qb2 $1 Rxe6 35. Bxe6 Ke7 36. Bb3 {[%cal Gb2g7]} Kd6 37. Qg7 Qa6 38.
Qxh7 Qd3 39. Qf7 b5 40. Qe6+ Kc7 41. Bd5 $16) 32. Rxe6 $18 Qxb3 33. Re7+ $1 Kf8
(33... Kf6 $2 34. Rf7#) 34. Rf7+ Kg8 35. Bxb3 b5 36. Rxd7+ c4 37. Re7 Kf8 38.
Rxe8+ Kxe8 39. Bc2 Kd7 40. f3 Kxd6 41. Kf2 1-0

[Event "FIDE-Wch k.o."]
[Site "Groningen"]
[Date "1997.12.15"]
[Round "3.2"]
[White "Anand, Viswanathan"]
[Black "Khalifman, Alexander"]
[Result "1/2-1/2"]
[WhiteElo "2765"]
[BlackElo "2655"]
[Annotator "Anand,V"]
[PlyCount "98"]
[EventDate "1997.12.09"]
[EventType "k.o."]
[EventRounds "7"]
[EventCountry "NED"]
[SourceTitle "CBM 063"]
[Source "ChessBase"]
[SourceDate "1998.03.26"]
[SourceVersion "1"]
[SourceVersionDate "1998.03.26"]
[SourceQuality "1"]

1. e4 {Ftacnik Dokhoian Kramnik} c5 2. Nf3 d6 3. d4 cxd4 4. Nxd4 Nf6 5. Nc3 Nc6
6. Bg5 e6 7. Qd2 a6 8. O-O-O Nxd4 9. Qxd4 Be7 10. f3 (10. f4 b5 11. Bxf6 gxf6 (
11... Bxf6 $2 12. e5 $1 dxe5 13. Qc5 Bd7 14. Nxb5 axb5 15. Rxd7 $1 $18) 12. Bd3
(12. f5 Qa5 13. Kb1 b4 14. Ne2 e5 15. Qe3 Bb7 16. Ng3 d5 17. Bd3 O-O-O 18. Qe2
h5 19. exd5 h4 20. Ne4 Rxd5 21. Bc4 Rxd1+ 22. Rxd1 Rd8 23. Rd2 Kb8 24. Qe3 Kc7
25. g4 Qb6 {1/2-1/2 Khalifman,A-Hracek,Z/Erevan 1996/CBM 53}) 12... Qc7 (12...
O-O 13. e5 $1 d5 14. Ne4 $16) 13. Qe3 Qc5 14. Qg3 {1-0 Kasparov,G-Kramnik,V/
Amsterdam VSB 1996/CBM 52/[Boensch,U] (42) +/= Dokoian, = Kramnik}) 10... Qc7 (
10... b5 11. h4 Bb7 12. Kb1 Qc7 13. Bd3 Rc8 14. Be3 O-O 15. h5 h6 16. Bf2 Nd7
17. Bh4 Bxh4 18. Rxh4 Rfd8 19. Rhh1 Ne5 {0-1 Filipenko,A-Yakovich,Y/RUS-chT
1996/EXP 56 (29)}) 11. g4 b5 12. Qd2 Bb7 (12... O-O $6 13. Ne2 {/\Ng3-h5} Rd8
$6 (13... Bb7) 14. h4 Bb7 15. Kb1 Rac8 16. Bg2 b4 17. Nd4 a5 18. h5 a4 19. Be3
Nd7 20. g5 Ne5 21. b3 Ba6 $2 {1-0 Anand,V-Pelletier,Y/Credit Suisse 1997/CBM
60 (36) [Gofshtein]} (21... axb3 22. cxb3 d5 $132)) 13. Bf4 b4 14. Ne2 Rc8 (
14... e5 $11 {Khalifman}) 15. Ng3 Qa5 16. Kb1 d5 17. g5 Nd7 18. h4 Rd8 $1 {
/\ d:e4, Nc5} 19. Bh3 (19. Bd3 $142) 19... dxe4 20. fxe4 Nc5 21. Qe2 O-O {
/\ Nc5-a4-c3} 22. b3 Qb5 $5 23. Qxb5 axb5 24. Bg2 f5 25. gxf6 $2 (25. Rxd8 Rxd8
26. Re1 $11 {Khalifman}) 25... Bxf6 26. Be3 Rc8 27. Bh3 $2 (27. Bd4 Rfd8 (27...
Bxd4 28. Rxd4 Rf2 29. Bh3 $13) 28. Bxf6 gxf6 $15 {Khalifman}) 27... Rfe8 28.
Rd6 (28. Bg2 Be5 $17) 28... Nxe4 $1 $19 29. Nxe4 (29. Bxe6+ Rxe6 30. Rxe6 Nxg3
$19) 29... Bxe4 30. Rh2 Bf5 31. Bd4 Bxh3 32. Bxf6 (32. Rxh3 Red8 $19) 32...
gxf6 33. Rxh3 Kf7 34. Rhd3 f5 35. R6d4 Rc5 36. Rxb4 e5 37. a4 e4 38. Rd7+ Ke6
39. Rd1 bxa4 40. Rxa4 Ke5 41. Kc1 Rec8 42. c4 e3 (42... Kf4 {/\ Kf3-f2; e3, f4.
.. -+}) 43. Ra7 R8c7 44. Ra8 Ke4 45. Rad8 f4 $4 (45... Re5 $19 {Khalifman}) 46.
R1d4+ Ke5 (46... Kf3 $2 47. Rf8) 47. Kd1 (47. Kc2 e2 48. Kd2 (48. Kd3 e1=N+ $1)
48... f3 49. Rd3 Rf7 50. Re8+ Kf4 51. Ke1 $8 Kg3 $1 52. Rxe2 Ra5 $19) 47... Rc8
$2 (47... Ra5 $19 {Khalifman}) 48. R8d7 $2 (48. Ke2 $1 $11 {Khalifman}) 48...
R8c7 49. Rd8 Rc8 $2 (49... Ra5 50. b4 Ra1+ 51. Ke2 Ra2+ $19) 1/2-1/2

[Event "FIDE-Wch k.o."]
[Site "Groningen"]
[Date "1997.12.16"]
[Round "3.3"]
[White "Anand, Viswanathan"]
[Black "Khalifman, Alexander"]
[Result "1/2-1/2"]
[WhiteElo "2765"]
[BlackElo "2655"]
[Annotator "Har Zvi,R"]
[PlyCount "65"]
[EventDate "1997.12.09"]
[EventType "k.o."]
[EventRounds "7"]
[EventCountry "NED"]
[SourceTitle "CBM 063"]
[Source "ChessBase"]
[SourceDate "1998.03.26"]
[SourceVersion "1"]
[SourceVersionDate "1998.03.26"]
[SourceQuality "1"]

1. e4 c5 2. Nf3 d6 3. d4 cxd4 4. Nxd4 Nf6 5. Nc3 Nc6 6. Bg5 e6 7. Qd2 a6 8.
O-O-O Be7 9. Bxf6 (9. f4 Nxd4 10. Qxd4 b5) 9... gxf6 10. Bc4 $146 (10. f4 Bd7
11. Be2 (11. f5 h5 12. Bc4 Nxd4 13. Qxd4 Qa5 14. Kb1 O-O-O 15. Qd3 Kb8 16. fxe6
fxe6 17. Ne2 Rhg8 18. Nf4 Qe5 19. g3 Rc8 20. Qb3 $16 {Balashov-Savchenko,1991
Moskow}) 11... h5 12. Rhf1 b5 (12... Qb6 13. Nb3 O-O-O 14. f5 Kb8 15. Qf4 Ne5
16. Kb1 h4 17. Bd3 Rdg8 18. Rg1 Rg4 19. Qf1 Rhg8 20. h3 R4g5 21. Ne2 Qe3 22.
Nbd4 Bd8 $17 {Gelman-Fedorovich,USA 1994}) 13. Nxc6 Bxc6 14. Bd3 Qb6 15. Kb1 b4
16. Ne2 d5 17. exd5 Bxd5 18. f5 $1 e5 19. Ng3 Rd8 20. Qe2 $16 {
Psakhis-Pshewoznik,1980}) 10... Nxd4 (10... Qb6 11. Nxc6 bxc6 12. f4 $40) 11.
Qxd4 b5 12. Bb3 Bd7 13. f4 Qc7 14. f5 Qc5 {black dont have any problem} 15. Ne2
(15. Qd3 a5 $132) 15... Rg8 16. g3 (16. fxe6 fxe6 17. Nf4 Qxd4 18. Rxd4 Kf7 19.
Rf1 Rg5) 16... a5 17. a3 Qxd4 18. Nxd4 e5 19. Bd5 (19. Ne2 b4) 19... Rc8 20.
Nb3 Bd8 $15 {A standard move for this position, white does'nt has a big
perspektive.} 21. Kb1 Ke7 22. Nc1 Bb6 23. Ne2 b4 24. axb4 axb4 25. Nc1 Ba4 26.
Rd2 Be3 27. Re2 Bc5 28. Nd3 Bb5 29. Rd1 h5 {black try create weekness in king
side} 30. Ka2 Rc7 $5 (30... h4 31. Rg2 Rg4 32. Kb3) 31. Kb1 (31. Kb3 Ra7) 31...
Rcc8 32. Red2 Rc7 {black could not impruve theire position} 33. Re2 1/2-1/2

[Event "YUG Cup"]
[Site "Ulcinj"]
[Date "1998.??.??"]
[Round "6"]
[White "Gyimesi, Zoltan"]
[Black "Khalifman, Alexander"]
[Result "0-1"]
[WhiteElo "2505"]
[BlackElo "2660"]
[Annotator "Bulletin"]
[PlyCount "96"]
[EventDate "1998.??.??"]
[EventType "team"]
[EventRounds "7"]
[EventCountry "YUG"]
[SourceTitle "EXT 1999"]
[Source "ChessBase"]
[SourceDate "1998.11.16"]
[SourceVersion "1"]
[SourceVersionDate "1998.11.16"]
[SourceQuality "1"]

1. d4 d5 2. c4 c6 3. Nf3 Nf6 4. Nc3 e6 5. cxd5 exd5 6. Bg5 Be7 7. Qc2 g6 8. e3
Bf5 9. Bd3 Bxd3 10. Qxd3 O-O 11. O-O Nbd7 12. Qc2 Re8 13. Rab1 Ne4 14. Nxe4
dxe4 15. Bxe7 Qxe7 16. Nd2 c5 17. Rbc1 cxd4 18. exd4 Nf6 19. Rfe1 Rad8 20. Qc4
Qd6 21. Nb3 b6 22. Qc7 a5 23. Qxd6 Rxd6 24. a4 Kg7 25. g3 Re7 26. Rc4 Nd5 27.
Nd2 e3 $1 28. fxe3 (28. Nf3 Rf6 $1 29. Kg2 exf2 30. Rxe7 Rxf3 $19) 28... Rxe3
29. Rxe3 Nxe3 30. Rc3 Nd1 31. Rc2 Rxd4 32. Nc4 Re4 33. b3 Re1+ 34. Kg2 Ne3+ 35.
Nxe3 Rxe3 36. b4 axb4 37. Rc4 Rb3 38. h4 h5 39. Rf4 Rb1 40. Kh2 Rb2+ 41. Kh3 f6
42. Rd4 Kf7 43. Re4 g5 44. hxg5 fxg5 45. g4 Rb3+ 46. Kg2 hxg4 47. Re5 Ra3 48.
Rb5 Rxa4 0-1

[Event "New York op"]
[Site "New York"]
[Date "1998.03.16"]
[Round "1"]
[White "Khalifman, Alexander"]
[Black "Wolski, Thomas"]
[Result "1-0"]
[WhiteElo "2660"]
[BlackElo "2315"]
[Annotator "Huebner,R"]
[PlyCount "63"]
[EventDate "1998.03.16"]
[EventType "swiss"]
[EventRounds "9"]
[EventCountry "USA"]
[SourceTitle "CBM 064"]
[Source "ChessBase"]
[SourceDate "1998.06.02"]
[SourceVersion "1"]
[SourceVersionDate "1998.06.02"]
[SourceQuality "1"]

1. d4 d5 2. Nf3 Bf5 3. c4 e6 4. Nc3 c6 5. Qb3 Qb6 6. c5 Qxb3 7. axb3 Nd7 $2 {
Besser ist meines Erachtens} (7... Na6 {,denn Schwarz sollte den Vorstoß
b3-b4-b5 zu verhindern suchen:} 8. Ra4 (8. e4 $145 $1 Nb4 9. exf5 (9. Ra4 Nc2+
10. Kd2 dxe4 11. Nh4 Nxd4 12. Rxd4 Bxc5 13. Rc4 Bxf2 14. Nxf5 exf5 15. Ke2 {
1-0 Shumiakina,T-Nutu Gajic,D/Timisoara-W 1994/EXT 94 (29)}) 9... Nc2+ 10. Kd1
Nxa1 11. fxe6 fxe6 12. b4 a5 13. bxa5 Nb3 14. a6 {1-0 Shirov,A-Svidler,P/
Arnold Cup 1991/TD 91\06 (30)}) 8... Bc2 {bringt dem Weißen nichts ein.}) 8. b4
f6 (8... Be7 9. b5 Bd8 {gefolgt von Sg8-e7 scheint mir bessere
Verteidigungsaussichten zu gewähren.}) 9. b5 Ne7 10. e3 (10. bxc6 Nxc6 11. e3
Nb4 12. Kd2 Be7 13. Nh4 Bg4 14. h3 Bh5 15. Nb5 f5 16. Nc7+ $18 {Kaposztas,
M-Palla,G/Salgotarjan 1979/1-0 (45)}) 10... e5 11. bxc6 bxc6 12. b4 {Die
Stellung des Schwarzen ist strategisch als verloren zu betrachten.} Kd8 (12...
e4 13. Nd2 Be6 14. b5 {ist auch nicht erfreulich für Schwarz.}) 13. b5 cxb5 14.
Bxb5 e4 15. Nd2 Nb8 16. f3 exf3 17. Nxf3 Bd7 18. Bd3 Nbc6 19. e4 {Die Öffnung
der Stellung ist tödlich für Schwarz, weil sein König in der Mitte
steckengeblieben ist; die verbundenen Freibauern des Weißen werden das Brett
beherrschen.} Nb4 20. Bb1 dxe4 21. Bxe4 Bc6 22. Bxc6 Nexc6 23. Ke2 Kc8 (23...
Kd7 24. Rd1 Re8+ 25. Kf2 {nebst d4-d5 ist ebenfalls hoffnungslos für Schwarz.})
24. Rd1 a5 25. d5 Ne5 26. Nxe5 fxe5 27. Ne4 Nc2 28. Ra2 Nd4+ 29. Kd3 Be7 30.
Be3 Rd8 31. Kc4 Nc6 32. Rb1 1-0

[Event "New York op"]
[Site "New York"]
[Date "1998.03.16"]
[Round "2"]
[White "Campora, Daniel Hugo"]
[Black "Khalifman, Alexander"]
[Result "1/2-1/2"]
[WhiteElo "2520"]
[BlackElo "2660"]
[Annotator "Bangiev,A"]
[PlyCount "56"]
[EventDate "1998.03.16"]
[EventType "swiss"]
[EventRounds "9"]
[EventCountry "USA"]
[SourceTitle "CBM 064"]
[Source "ChessBase"]
[SourceDate "1998.06.02"]
[SourceVersion "1"]
[SourceVersionDate "1998.06.02"]
[SourceQuality "1"]

1. e4 c5 2. f4 g6 3. Nf3 Bg7 4. Nc3 Nc6 5. Bb5 Nd4 6. a4 a6 7. Bd3 e6 (7... d6
8. Nxd4 cxd4 9. Ne2 Nf6 10. Nxd4 Nxe4 11. Bxe4 Bxd4 12. c3 (12. Qf3 Qc7 13. c3
f5 14. Bd5 e6 15. Ba2 Bf6 16. O-O Qc6 $11 {1/2-1/2 Kindermann,S-Ribli,Z/
Altensteig 1992 (26)}) 12... d5 13. Bc2 Bg7 14. d4 Bf5 15. Bxf5 gxf5 16. a5 O-O
17. O-O b5 18. axb6 Qxb6 $13 {1/2-1/2 Lau,R-Loew,G/BL9596 1996/BL 90 (27)}) 8.
Nxd4 cxd4 9. Ne2 Ne7 10. b4 $1 d6 11. O-O O-O 12. Kh1 (12. Bb2 Qb6 13. b5 axb5
14. axb5 Bd7 $132) (12. Ba3 f5 $132) 12... f5 $1 13. c3 dxc3 14. dxc3 Kh8 (
14... Qc7 15. Be3 fxe4 16. Bxe4 Nf5 17. Bxf5 Rxf5 18. Qd3 $13) 15. Be3 e5 $1 (
15... fxe4 16. Bxe4 Nf5 17. Bxf5 Rxf5 18. Bd4 $14) 16. Qe1 Be6 (16... fxe4 17.
Bxe4 d5 18. Rd1 $36) 17. Rd1 Qc7 18. a5 Qc6 (18... fxe4 $6 19. Bxe4 d5 20. Bb6
Qc6 21. Bc2) 19. fxe5 (19. exf5 $6 Nxf5 $15) 19... dxe5 20. Bc5 fxe4 21. Rxf8+
(21. Bxe4 Rxf1+ 22. Qxf1 Qxe4 23. Bxe7 Bc4 $15) 21... Bxf8 (21... Rxf8 $6 22.
Bxe7) 22. Bc2 Nf5 23. Bxf8 Rxf8 24. Ng3 Bd5 25. Kg1 (25. Nxe4 Nd6 26. Nxd6
Bxg2+ 27. Kg1 Rf1+ 28. Qxf1 Bxf1 $15) 25... Nxg3 26. Qxg3 Qf6 (26... Rf4 27.
Qe3 Qc4 28. Re1 Bc6 29. h3 $11) 27. h3 Bc6 28. Qe3 Qf4 $11 1/2-1/2

[Event "New York op"]
[Site "New York"]
[Date "1998.03.17"]
[Round "3"]
[White "Khalifman, Alexander"]
[Black "Fishbein, Alexander"]
[Result "1-0"]
[WhiteElo "2660"]
[BlackElo "2510"]
[Annotator "Ftacnik,L"]
[PlyCount "47"]
[EventDate "1998.03.16"]
[EventType "swiss"]
[EventRounds "9"]
[EventCountry "USA"]
[SourceTitle "CBM 064"]
[Source "ChessBase"]
[SourceDate "1998.06.02"]
[SourceVersion "1"]
[SourceVersionDate "1998.06.02"]
[SourceQuality "1"]

1. d4 {Huzman} Nf6 2. Nf3 g6 3. c4 Bg7 4. Nc3 d6 5. e4 O-O 6. Be2 e5 7. O-O
exd4 8. Nxd4 c6 9. Kh1 (9. Qc2 Qe7 10. Rd1 Re8 11. f3 Nbd7 12. b3 d5 13. cxd5
Qc5 14. Qd2 cxd5 15. exd5 Nxd5 16. Nxd5 Qxd5 17. Bb2 Qd6 18. Bf1 Nb6 {1/2-1/2
Robatsch,K-Klinger,J/AUT BL 1989 (25)}) (9. f3 Nbd7 10. Be3 d5 11. exd5 cxd5
12. Qd2 dxc4 13. Bxc4 a6 14. Rfd1 Qc7 15. Bf1 Re8 16. Rac1 Qa5 17. Nb3 Qb4 18.
Qf2 {Browne,W-Fishbein,A/Philadelphia opI 1992/1-0 (50)}) 9... d5 (9... Nbd7
10. Bg5 h6 11. Bh4 (11. Be3 Re8 12. f3 d5 13. cxd5 cxd5 14. Ndb5 Nb6 15. Bf4
Nh5 16. Bc7 Qh4 17. exd5 Be5 18. Bxe5 Rxe5 19. Qe1 {Szeberenyi,A-Pinter,G/
Budapest FS11 IM-B 1997/1-0 (46)}) 11... Qb6 12. Nb3 (12. Na4 Qa5 13. f3 d5 14.
Be1 Qd8 15. exd5 cxd5 16. c5 Ne5 17. b3 Bd7 18. Bb5 Nc6 19. Bxc6 bxc6 20. Bc3 {
Kiss,P-Meszaros,A/Eger 1995/1-0 (59)}) 12... a5 13. Na4 Qb4 14. Nd2 Nc5 15.
Nxc5 Qxc5 16. Rc1 Re8 17. f3 a4 18. Rc2 Qa5 19. Bg3 d5 {1/2-1/2 Ikonnikov,
V-Szekely,P/Catania op 1995 (30)}) 10. e5 (10. cxd5 {Huzman} cxd5 11. e5 Ne4
12. f4 Nxc3 13. bxc3 Nc6 $14) 10... Ne4 (10... Nfd7 11. f4 (11. cxd5 Nxe5 12.
f4 Ned7 13. dxc6 Nxc6 14. Nxc6 bxc6 15. Bf3 $14) 11... c5 12. Ndb5 d4 13. Nd5
Nc6 14. Bf3 $14) 11. f4 {White often plays in this line f2-f3, so in this game
he saved a tempo for useful Kh1 move.} f6 (11... c5 12. Nb3 Nxc3 13. bxc3 dxc4
14. Nxc5 $14) (11... Qh4 12. Qe1 (12. Nxe4 {Huzman} dxe4 13. Qc2 $16) 12...
Qxe1 13. Rxe1 f6 14. cxd5 fxe5 15. Nxe4 exd4 16. Bc4 $14) 12. cxd5 Nxc3 (12...
fxe5 13. Ne6 (13. dxc6 $1 {Huzman} exd4 (13... Nxc3 14. Qb3+ Kh8 15. cxb7 Bxb7
16. Qxb7 Nxe2 17. Nxe2 Nd7 18. Rd1 $16) 14. Qb3+ Kh8 15. cxb7 Bxb7 16. Qxb7
dxc3 17. Qxa8 $16) 13... Bxe6 14. dxe6 Nxc3 15. bxc3 e4 16. Qxd8 Rxd8 17. Rb1
$14) (12... cxd5 13. Nxe4 dxe4 (13... fxe5 $2 14. Nb5 $1 Nc6 15. Ned6 $18) 14.
Nb5 (14. Bc4+ Kh8 15. e6 f5 16. Be3 $13) 14... Nc6 15. Bc4+ Kh8 16. Qxd8 Nxd8 (
16... Rxd8 17. Nd6 $16) 17. exf6 Bxf6 18. Re1 $14) 13. bxc3 Qxd5 (13... fxe5
14. Ne6 $14 (14. Ne6 $1 {Huzman} Bxe6 15. dxe6 {[%cal Gd1b3,Gc1a3,Gb3g8,Ga3f8]}
Qxd1 16. Rxd1 Re8 (16... exf4 17. e7 Re8 18. Bc4+ Kh8 19. Rd8 Na6 20. Rxa8 Rxa8
21. Bxf4 $18) 17. Bc4 b5 (17... Na6 18. e7+ Kh8 19. Ba3 $16) 18. Bb3 e4 19. e7+
Kh8 20. Ba3 $16 {[%cal Gb3f7]}) (14. fxe5 Rxf1+ 15. Qxf1 cxd5 16. e6 Qe8 (16...
Qf6 17. Qxf6 Bxf6 18. Bf3 Bxd4 19. Bxd5 $16) 17. Bb5 Nc6 18. Nxc6 bxc6 19. Qf7+
Qxf7 20. exf7+ Kxf7 21. Bxc6 Rb8 22. Bf4 Rb6 23. Bxd5+ Be6 $44)) 14. Ba3 $1 Re8
(14... Rf7 15. Qb3 Qxb3 16. axb3 fxe5 17. fxe5 $16 (17. fxe5 {Huzman} Rxf1+ 18.
Rxf1 $18)) (14... c5 {Huzman} 15. Bf3 Qc4 16. Nb3 $16) 15. exf6 Bxf6 16. f5 $1
{White forces his attack because of black's problems with the piece
development. The whole queenside is sleeping on the initial squares so the
attacker tries to speed things up.} Bxf5 (16... gxf5 17. Bd3 (17. Bf3 {Huzman}
Qc4 18. Re1 Bd7) 17... Bxd4 18. cxd4 Qxd4 19. Qh5 $1 $16) (16... Bxd4 17. Bf3 (
17. Rf4 $1 {Huzman} Be3 18. Bc4 Bxf4 19. Bxd5+ cxd5 20. Qxd5+ Kg7 21. f6+ Kxf6
22. Rf1 g5 (22... Kg7 23. Bc5 $1 $16) (22... Bf5 23. Qb5 $1 Nc6 24. Rxf4) 23.
g3 Bh3 24. gxf4 Bxf1 25. Qxg5+ Ke6 26. Qg4+ Kf6 (26... Kf7 27. Qh5+ $18) (26...
Kd5 27. Qh5+ $18) 27. Qh4+ Kg7 28. Qg5+ Kh8 29. c4 $18) 17... Qc4 18. cxd4 Bxf5
19. d5 $1 $16 (19. Qd2 Nd7 $13)) 17. Nxf5 Qxd1 (17... gxf5 18. Qxd5+ (18. Bd3
Rd8 19. Bxf5 Qxd1 20. Raxd1 Rxd1 21. Rxd1 $16) 18... cxd5 19. Bf3 Rd8 (19...
Kg7 {Huzman} 20. Bxd5 Nc6 21. Rab1 $16) 20. Rad1 Nc6 21. Bxd5+ Kh8 22. c4 $16)
18. Nh6+ $1 Kg7 (18... Kh8 19. Raxd1 $18) 19. Raxd1 Rxe2 (19... Kxh6 20. Rxf6
Rxe2 21. Rf8 Rxa2 22. Bd6 $18) 20. Ng4 {The poor knight on b8 decides the game,
white has a strong attack.} Bg5 (20... Bxc3 21. Bf8+ Kh8 (21... Kg8 22. Rd8 $18
) 22. Rd8 h5 23. Bh6+ Kh7 24. Rf7+ Bg7 25. Rxg7#) (20... Be7 21. Bxe7 (21. Bc1
{Huzman} h5) 21... Rxe7 22. Rd8 b5 23. Nf6 $16) 21. Bf8+ Kg8 (21... Kh8 22. Rf7
(22. h4 $1 {Huzman} Bxh4 23. Rf7 h5 24. Bg7+ Kg8 (24... Kh7 25. Bf6+ Kg8 26.
Nh6#) 25. Nh6+ Kh7 26. Bf8+ Kh8 27. Rg7 Rf2 28. Nf7+ Rxf7 29. Rxf7 $18) 22...
Kg8 (22... Na6 23. Rdf1 b5 24. h4 Re4 25. Bg7+ Kg8 26. Be5 $18) 23. Rdf1 h5 24.
Bh6 $1 (24. Nh6+ Bxh6 (24... Kh8 25. Rxb7 Na6 26. h4 Bxh6 27. Bxh6 Nc5) 25.
Bxh6 Na6 26. Rxb7 $14) 24... Bxh6 (24... Be7 25. Ne3 Bc5 26. Rg7+ Kh8 27. Rff7
Re1+ 28. Nf1 $18) 25. Nxh6+ Kh8 26. Rxb7 $16) 22. h4 $1 Bd2 (22... Bxh4 23.
Nh6+ Kh8 24. Rf7 Bf6 25. Bg7+ Bxg7 26. Rd8+ Bf8 27. Rdxf8#) (22... h5 23. hxg5
hxg4 24. Rd8 $18) (22... Re8 23. hxg5 Rxf8 24. Nf6+ (24. Rxf8+ Kxf8 25. Rd8+
$16 {[%cal Gd8a8]}) 24... Kg7 (24... Kh8 25. Rde1 Na6 26. Re7 $18) 25. Rde1 Rd8
(25... Na6 {Huzman} 26. Re7+ Rf7 27. Ne8+ $18) 26. Re7+ Kf8 27. Rxh7 $18) 23.
Rxd2 $1 Rxd2 24. Nh6+ (24. Nh6+ Kh8 25. Rf7 Rd7 26. Bg7#) 1-0